Impact of COVID-19 Crises on Accounting Entities Providing Accommodation Services in Slovakia

Cestovný ruch ako jedno z najviac postihnutých odvetví krízou v dôsledku pandémie ochorenia COVID‑19 spôsobeného novým koronavírusom, v globálnom aj regionálnom zmysle. Analýza vplyvu pandémie na sektor cestovného ruchu v Slovenskej republike na základe účtovných finančných výsledkov vzorky 1 077 úč...

Ausführliche Beschreibung

Gespeichert in:
Bibliographische Detailangaben
1. Verfasser: Blahušiaková, Miriama, 1980-
Format: Buchkapitel
Sprache:Englisch
Schlagworte:
Tags: Tag hinzufügen
Keine Tags, Fügen Sie das erste Tag hinzu!

MARC

LEADER 00000naa$a2200000$$$4500
001 0278589
005 20240502083845.3
041 0 |a eng 
044 |a CZ 
245 1 0 |a Impact of COVID-19 Crises on Accounting Entities Providing Accommodation Services in Slovakia  |c Miriama Blahušiaková 
520 |a Cestovný ruch ako jedno z najviac postihnutých odvetví krízou v dôsledku pandémie ochorenia COVID‑19 spôsobeného novým koronavírusom, v globálnom aj regionálnom zmysle. Analýza vplyvu pandémie na sektor cestovného ruchu v Slovenskej republike na základe účtovných finančných výsledkov vzorky 1 077 účtovných jednotiek, so zameraním na hotelový priemysel, v ktorom počas roka 2020 došlo k rýchlemu poklesu či strate tržieb a ziskov v porovnaní s rokom 2019. Prehľad a porovnanie jednotlivých krajov na Slovensku. 
610 2 0 |a ruch cestovný 
610 2 0 |a zariadenia ubytovacie 
610 2 0 |a hotely 
610 2 0 |a pandémia 
610 2 0 |a koronavírus 
610 2 0 |a jednotka účtovná 
610 2 0 |a situácia finančná podniku 
610 2 0 |a strata 
610 2 0 |a výkaz ziskov a strát 
610 2 0 |a Slovensko 
100 1 |a Blahušiaková, Miriama, 1980-